000 01282nam a22003737a 4500
003 CHAP
005 20220329135735.0
008 971013s1975 r 00010 d
010 _a41343
011 _a42315
035 _a46443
040 _cCHAP
090 _aTesis
100 0 0 _aMunro Olmos, Daniel.
_979510
245 _aEstudio sobre la persistencia y movimiento de los herbicidas Karmex, Cotoran, Treflan y A-829, en un suelo arcilloso de la Comarca Lagunera
260 _aChapingo, Méx. :
_bEl autor,
_c1975
300 _a109 h.
_b: ilus. ; gráfs
502 _aTesis (M.C. Esp. en Suelos) -- ENA. Colegio de Postgraduados. Rama de Suelos
590 _aALEPH
_b10
_c20130110
_lUCH01
_h1310
590 _aBATCH-UPD
_b10
_c20130110
_lUCH01
_h0228
590 _aBATCH-UPD
_b10
_c20130110
_lUCH01
_h0910
590 _aCONVERSION
_b10
_c20130109
_lUCH01
_h1323
650 1 4 _aCotoran.
_928575
650 1 4 _aHerbicidas.
_953691
650 1 4 _aKarmex.
_962747
650 1 4 _aMalas hierbas
_xControl.
_970011
650 1 4 _aTreflan.
_9114737
901 _aBK
942 _cFOLL
949 _bBC
_cTES
_d-105879
_eTS1
_i46443
_si
949 _bBC
_cTES
_d-105881
_eTS2
_fc.2
_i46443
_si
949 _bBC
_cTES
_d-105882
_eTS2
_fc.3
_i46443
_si
949 _bBC
_cTES
_d-105883
_eTS2
_fc.4
_i46443
_si
999 _c41343
_d41343